000 00665nab a2200193 4500
001 244442
003 OSt
005 20231017122339.0
007 tu
008 200917s2020|||||||
040 _aDE-2950
_cDE-2950
245 0 0 _a13 Millionen Euro für neues Industriegebiet an der A12
_bInvestition. Die Wirtschaft in Brandenburg wächst und auch Frankfurt will profitieren. Jetzt bekommt die Stadt eine Millionensumme vom Land/
_cThomas Gutke
264 _c2023
653 _aFrankfurt (Oder)
653 _aWirtschaft
653 _aIndustriegebiet
773 0 _g34. Jahrgang (2023) Nr. 239 vom 13.10.2023, S. 13, mit Foto
_tMärkische Oderzeitung
942 _2z
_cA
999 _c372769
_d372769